| 000 | 00337 a2200109 4500 | ||
|---|---|---|---|
| 001 | ART_46352 | ||
| 005 | 20260410161648.0 | ||
| 008 | 260409a | ||
| 245 | 1 | 0 | _aAspectos impositivos de las entidades deportivas |
| 100 | 1 | _aJanuszewski, Karina | |
| 773 | 0 |
_tConsultor tributario _g- Año 12, N° 135 (mayo 2018) _wREV474 |
|
| 999 |
_c13952 _d13952 |
||